Sudden death / (Record no. 22683)

000 -LEADER
fixed length control field 01357nam a22003257a 4500
005 - DATE AND TIME OF LATEST TRANSACTION
control field 20260418121633.0
008 - FIXED-LENGTH DATA ELEMENTS--GENERAL INFORMATION
fixed length control field 260417b xxu||||| |||| 00| 0 eng d
082 ## - DEWEY DECIMAL CLASSIFICATION NUMBER
Classification number 791.4372
Item number Su943 1995
245 ## - TITLE STATEMENT
Title Sudden death /
Statement of responsibility, etc directed by Peter Hyams ; written by Karen Elise Baldwin, Gene Quintano ; produced by Howard Baldwin, Moshe Diamant, Anders P. Jensen.
260 ## - PUBLICATION, DISTRIBUTION, ETC. (IMPRINT)
Place of publication, distribution, etc United States
Name of publisher, distributor, etc Universal Pictures
Date of publication, distribution, etc 1995
300 ## - PHYSICAL DESCRIPTION
Extent 1 videofile (ca. 111 mins.) :
Other physical details sound, color
520 ## - SUMMARY, ETC.
Summary, etc Darren McCord, a fire marshal for the Pittsburgh Civic Arena, finds himself in a race against time to save his daughter, the Vice President and a crowded stadium, when terrorists take over an NHL Stanley Cup game.
521 ## - TARGET AUDIENCE NOTE
Target audience note Rated R for a substantial amount of strong violence, and for language
546 ## - LANGUAGE NOTE
Language note In English language.
650 ## - SUBJECT ADDED ENTRY--TOPICAL TERM
Source of heading or term One-Person Army Action
655 ## - INDEX TERM--GENRE/FORM
Genre/form data or focus term Dark Comedy
655 ## - INDEX TERM--GENRE/FORM
Genre/form data or focus term Action
655 ## - INDEX TERM--GENRE/FORM
Genre/form data or focus term Crime
655 ## - INDEX TERM--GENRE/FORM
Genre/form data or focus term Thriller
700 ## - ADDED ENTRY--PERSONAL NAME
Personal name Hyams, Peter, director.
700 ## - ADDED ENTRY--PERSONAL NAME
Personal name Baldwin, Karen Elise, writer.
700 ## - ADDED ENTRY--PERSONAL NAME
Personal name Quintano, Gene, writer.
700 ## - ADDED ENTRY--PERSONAL NAME
Personal name Baldwin, Howard, producer.
700 ## - ADDED ENTRY--PERSONAL NAME
Personal name Diamant, Moshe, producer.
700 ## - ADDED ENTRY--PERSONAL NAME
Personal name Jensen, Andres P., producer.
700 ## - ADDED ENTRY--PERSONAL NAME
Personal name Vann Damme, Jean-Claude, star.
700 ## - ADDED ENTRY--PERSONAL NAME
Personal name Boothe, Powers, star.
700 ## - ADDED ENTRY--PERSONAL NAME
Personal name Barry Raymond J., star.
942 ## - ADDED ENTRY ELEMENTS (KOHA)
Source of classification or shelving scheme
Item type Audio-Visual Materials
Holdings
Price effective from Permanent location Date last seen Not for loan Date acquired Source of classification or shelving scheme Koha item type Collection code Damaged status Lost status Withdrawn status Current location Full call number
2026-04-17Cagayan State University - Carig Library2026-04-17 2026-04-17 Audio-Visual MaterialsElectronic Media Center   Cagayan State University - Carig Library791.4372 Su943 1995

Cagayan State University University Library, Carig Campus
Tuguegarao City, Cagayan 3500 | www.csucarig.edu.ph

Powered by Koha